[Event "28th WSCC2018 - Open 65+"]
[Site "Bled"]
[Date "2018.11.22"]
[Round "5.29"]
[White "Brettschneider, Karl"]
[Black "Lind, Jan-Olov"]
[Result "0-1"]
[WhiteElo "2016"]
[BlackElo "2215"]
[PlyCount "64"]
[EventDate "2018.11.18"]

1. c4 c5 2. Nc3 Nc6 3. g3 g6 4. Bg2 Bg7 5. d3 e5 6. e4 Nge7 7. Nge2 d6 8. O-O
h5 9. h3 Be6 10. Nd5 Qd7 11. Bg5 Ng8 12. h4 f6 13. Be3 O-O-O 14. Rb1 g5 15. f3
gxh4 16. gxh4 Bh6 17. Qd2 Bxe3+ 18. Qxe3 Rf8 19. f4 Nh6 20. f5 Bxd5 21. cxd5
Nd4 22. Bf3 Rfg8+ 23. Kf2 Ng4+ 24. Bxg4 Rxg4 25. Nxd4 cxd4 26. Qh3 Rhg8 27. Rg1
Qa4 28. Rbc1+ Kb8 29. Rxg4 Rxg4 30. Ke2 Qxa2 31. Rc2 Qb1 32. Rd2 Qg1 0-1

[Event "28th WSCC2018 - Open 65+"]
[Site "Bled"]
[Date "2018.11.22"]
[Round "5.30"]
[White "Myall, Ivan J"]
[Black "Furman, Boris"]
[Result "1/2-1/2"]
[WhiteElo "1995"]
[BlackElo "2206"]
[PlyCount "60"]
[EventDate "2018.11.18"]

1. e4 c5 2. c3 Nf6 3. e5 Nd5 4. d4 cxd4 5. Nf3 Nc6 6. cxd4 d6 7. Bc4 Nb6 8. Bb5
d5 9. O-O Bg4 10. h3 Bh5 11. e6 fxe6 12. g4 Bg6 13. Ne5 Rc8 14. h4 Nd7 15. Bxc6
bxc6 16. Nxg6 hxg6 17. Qd3 Nf6 18. Qxg6+ Kd7 19. h5 Qe8 20. Qxe8+ Kxe8 21. f3
Nd7 22. Nc3 e5 23. dxe5 Nxe5 24. Be3 a6 25. Na4 Nd7 26. Nc5 Nxc5 27. Bxc5 e6
28. Bxf8 Rxf8 29. Rae1 Kd7 30. Re5 Kd6 1/2-1/2

[Event "28th WSCC2018 - Open 65+"]
[Site "Bled"]
[Date "2018.11.22"]
[Round "5.31"]
[White "Sand, Rolf"]
[Black "Srebrnic, Vojko"]
[Result "1/2-1/2"]
[WhiteElo "1989"]
[BlackElo "2140"]
[PlyCount "47"]
[EventDate "2018.11.18"]

1. c4 c5 2. g3 g6 3. Bg2 Bg7 4. Nc3 Nc6 5. Nf3 d6 6. O-O e6 7. e3 Nge7 8. d4
O-O 9. Re1 a6 10. a3 Rb8 11. dxc5 dxc5 12. Qc2 b6 13. b3 Qc7 14. Bb2 f5 15.
Rad1 Rd8 16. Rxd8+ Nxd8 17. Rd1 Nf7 18. h4 h6 19. e4 Nc6 20. exf5 gxf5 21. Ne2
e5 22. Ne1 Nd4 23. Bxd4 exd4 24. Nf4 1/2-1/2

[Event "28th WSCC2018 - Open 65+"]
[Site "Bled"]
[Date "2018.11.22"]
[Round "5.32"]
[White "James, Kevin"]
[Black "Van Oosten, Arend"]
[Result "1/2-1/2"]
[WhiteElo "1929"]
[BlackElo "2137"]
[PlyCount "54"]
[EventDate "2018.11.18"]

1. d4 e6 2. c4 f5 3. g3 Nf6 4. Bg2 c6 5. Nh3 d6 6. O-O Be7 7. Nd2 O-O 8. b3 Na6
9. Bb2 Qe8 10. Nf4 g5 11. Nd3 Qg6 12. Re1 Bd7 13. f4 Ne4 14. e3 h6 15. c5 d5
16. Bxe4 fxe4 17. Ne5 Qe8 18. Rf1 Bf6 19. Bc3 Bxe5 20. fxe5 Rxf1+ 21. Qxf1 Qe7
22. Qh3 Kg7 23. Rf1 Rf8 24. g4 Rxf1+ 25. Nxf1 Be8 26. Ng3 Bg6 27. Qf1 Nc7
1/2-1/2

[Event "28th WSCC2018 - Open 65+"]
[Site "Bled"]
[Date "2018.11.22"]
[Round "5.33"]
[White "Marcovici, Adrian"]
[Black "Vikulov, Alexander"]
[Result "0-1"]
[WhiteElo "1910"]
[BlackElo "2127"]
[Annotator "uporabnik"]
[PlyCount "81"]
[EventDate "2018.11.18"]

1. e4 d6 2. d4 g6 3. Nc3 Bg7 4. Be2 a6 5. a4 b6 6. Nf3 Nd7 7. O-O Bb7 8. Re1 c5
9. d5 Ngf6 10. h3 O-O 11. Bf4 h6 12. Qd2 Kh7 13. Bh2 Ne8 14. Rad1 Rc8 15. Bc4
Ne5 16. Qe2 Nxf3+ 17. Qxf3 Be5 18. Qd3 Bxh2+ 19. Kxh2 Ra8 20. f4 Bc8 21. Qf3 f6
22. Bd3 Ng7 23. Rf1 Ra7 24. g4 e5 25. dxe6 Bxe6 26. f5 gxf5 27. gxf5 Bf7 28.
Rg1 Qe8 29. Qg3 Nh5 30. Qh4 Rg8 31. Rxg8 Bxg8 32. Kh1 Rg7 33. Rg1 Rxg1+ 34.
Kxg1 Bf7 35. Be2 Qg8+ 36. Kh2 Qg5 37. Qxg5 fxg5 38. Bxa6 Kg7 39. Bb7 Kf6 40.
Bd5 Be8 41. b3 {...} 0-1

[Event "28th WSCC2018 - Open 65+"]
[Site "Bled"]
[Date "2018.11.22"]
[Round "5.34"]
[White "Shirazi, Kamran"]
[Black "Ciuro Munoz, Ricardo"]
[Result "1-0"]
[WhiteElo "2333"]
[BlackElo "2014"]
[PlyCount "37"]
[EventDate "2018.11.18"]

1. Nc3 d5 2. e4 e6 3. g3 Nf6 4. Bg2 c5 5. Nge2 Nc6 6. exd5 exd5 7. Nf4 d4 8.
Ne4 Nxe4 9. Bxe4 Bd6 10. d3 O-O 11. O-O Rb8 12. c4 Ne7 13. Re1 b6 14. Qh5 g6
15. Qf3 Qc7 16. Nd5 Nxd5 17. Bxd5 Bb7 18. Bh6 Bxd5 19. Qf6 1-0

[Event "28th WSCC2018 - Open 65+"]
[Site "Bled"]
[Date "2018.11.22"]
[Round "5.35"]
[White "Karasev, Vladimir I"]
[Black "Nickl, Klaus"]
[Result "1-0"]
[WhiteElo "2314"]
[BlackElo "2006"]
[PlyCount "101"]
[EventDate "2018.11.18"]

1. d4 d5 2. c4 c6 3. Nf3 Nf6 4. Nc3 Bf5 5. Qb3 Qb6 6. c5 Qc7 7. Bf4 Qc8 8. e3
Nbd7 9. Rc1 h6 10. h3 g5 11. Bh2 Bg7 12. Qd1 Ne4 13. Bd3 Nxc3 14. Rxc3 Bxd3 15.
Qxd3 O-O 16. O-O Re8 17. b4 a6 18. a4 e5 19. Qb1 e4 20. Nd2 f5 21. f4 exf3 22.
Qxf5 fxg2 23. Kxg2 Nf6 24. Qxc8 Raxc8 25. Be5 Ne4 26. Nxe4 dxe4 27. Bd6 Re6 28.
b5 cxb5 29. axb5 axb5 30. Rb3 b6 31. Rxb5 bxc5 32. Bxc5 Rf6 33. Rb7 Rxf1 34.
Kxf1 Bf8 35. Bxf8 Rxf8+ 36. Ke2 Rf3 37. Re7 Rxh3 38. Rxe4 Kf7 39. d5 Rh2+ 40.
Kf3 Rd2 41. Re5 Kf6 42. Re6+ Kf7 43. e4 h5 44. Rh6 Rd3+ 45. Ke2 Rh3 46. e5 h4
47. d6 Rh2+ 48. Ke3 g4 49. d7 Ke7 50. Rh7+ Kd8 51. e6 1-0

[Event "28th WSCC2018 - Open 65+"]
[Site "Bled"]
[Date "2018.11.22"]
[Round "5.36"]
[White "Franzen, Jozef"]
[Black "Hewson, Brian W R"]
[Result "0-1"]
[WhiteElo "2239"]
[BlackElo "2000"]
[PlyCount "140"]
[EventDate "2018.11.18"]

1. Nf3 Nf6 2. g3 c5 3. Bg2 Nc6 4. O-O g6 5. d3 Bg7 6. e4 d6 7. Nbd2 O-O 8. c3
e5 9. Nc4 h6 10. a4 Be6 11. Qe2 Re8 12. Bd2 Qd7 13. Rfe1 Rad8 14. Qf1 Qc7 15.
b4 d5 16. exd5 Bxd5 17. b5 Bxc4 18. dxc4 Na5 19. Rab1 b6 20. Bc1 Qd6 21. Bb2
Qc7 22. Qe2 Nd7 23. Nd2 Nf8 24. Nf1 f5 25. Ne3 e4 26. Nd5 Qf7 27. Rbd1 Kh8 28.
Bc1 Ne6 29. Qa2 Rd7 30. f3 exf3 31. Bxf3 Red8 32. Qe2 Nc7 33. Bf4 Re8 34. Qd3
Rxe1+ 35. Rxe1 Ne6 36. Bd2 Nb3 37. Be3 Na5 38. Bg2 Nc7 39. Bf4 Ne6 40. Be5 Ng5
41. Qe2 Nh7 42. Bxg7+ Kxg7 43. Qe5+ Nf6 44. Bf1 Nb7 45. Bd3 Nd6 46. Nf4 Kh7 47.
h3 Nde4 48. Bxe4 Nxe4 49. Nd5 h5 50. Kg2 Rd8 51. a5 bxa5 52. Ra1 Qg7 53. Qxg7+
Kxg7 54. Rxa5 Rd7 55. Ra6 Nd6 56. Ne3 Ne4 57. Nd5 Nd6 58. Nf4 Kf7 59. Rc6 g5
60. Nd3 Nxc4 61. Nxc5 Rd2+ 62. Kf1 Ne3+ 63. Ke1 Rb2 64. Rc7+ Kf6 65. Rc6+ Kf7
66. Nb7 f4 67. gxf4 gxf4 68. Nd6+ Ke7 69. c4 f3 70. Ne4 Re2# 0-1

[Event "28th WSCC2018 - Open 65+"]
[Site "Bled"]
[Date "2018.11.22"]
[Round "5.37"]
[White "Karnar, Marijan"]
[Black "Reynolds, D Ian W"]
[Result "0-1"]
[WhiteElo "2226"]
[BlackElo "1969"]
[PlyCount "74"]
[EventDate "2018.11.18"]

1. Nf3 d5 2. g3 Bg4 3. Bg2 c6 4. c4 e6 5. cxd5 cxd5 6. O-O Nc6 7. d4 Nf6 8. e3
Bd6 9. h3 Bh5 10. Nc3 O-O 11. b3 Ne4 12. Bb2 Rc8 13. g4 Nxc3 14. Bxc3 Bg6 15.
b4 Nxb4 16. Bxb4 Bxb4 17. Qb3 Qe7 18. a3 Bd6 19. Rfc1 Rc7 20. Rxc7 Qxc7 21. Nh4
Bc2 22. Qb2 Bd3 23. Bf1 Bxf1 24. Rxf1 Qe7 25. Nf3 Bxa3 26. Qa2 a5 27. Rb1 Bb4
28. Ne5 h5 29. Qe2 Bd6 30. f4 Bxe5 31. dxe5 Rc8 32. Kg2 Rc4 33. gxh5 Qc5 34.
Kf3 Rb4 35. Rg1 Qc4 36. Qf2 Qe4+ 37. Kg3 Rb3 0-1

[Event "28th WSCC2018 - Open 65+"]
[Site "Bled"]
[Date "2018.11.22"]
[Round "5.38"]
[White "Nilsson, Weine"]
[Black "Kierzek, Matthias"]
[Result "0-1"]
[WhiteElo "1976"]
[BlackElo "2182"]
[PlyCount "94"]
[EventDate "2018.11.18"]

1. e4 c6 2. d4 d5 3. Nc3 dxe4 4. Nxe4 Bf5 5. Ng3 Bg6 6. Nf3 e6 7. h4 h6 8. Ne5
Bh7 9. Bd3 Bxd3 10. Qxd3 Nd7 11. Bf4 Nxe5 12. Bxe5 Qa5+ 13. c3 Nf6 14. Ne4 Nxe4
15. Qxe4 Qd5 16. Qxd5 cxd5 17. a4 f6 18. Bf4 h5 19. Kd2 Be7 20. Rae1 Kf7 21.
Kd3 Rac8 22. a5 a6 23. b4 Rc4 24. Rb1 e5 25. Be3 Rhc8 26. Rhc1 exd4 27. Bxd4
Bxb4 28. Rc2 Bxa5 29. Rxb7+ R8c7 30. Rcb2 Ke6 31. Rxc7 Bxc7 32. Re2+ Kd7 33.
Ra2 a5 34. f3 a4 35. g4 hxg4 36. fxg4 Bd6 37. g5 fxg5 38. hxg5 g6 39. Rb2 a3
40. Rb7+ Rc7 41. Rxc7+ Kxc7 42. c4 Kc6 43. Bf6 Bc5 44. Be5 d4 45. Kc2 Kd7 46.
Bf4 d3+ 47. Kxd3 Bd4 0-1

[Event "28th WSCC2018 - Open 65+"]
[Site "Bled"]
[Date "2018.11.22"]
[Round "5.39"]
[White "Raikin, Leonid"]
[Black "Grahn, Lars"]
[Result "1-0"]
[WhiteElo "2144"]
[BlackElo "1999"]
[PlyCount "33"]
[EventDate "2018.11.18"]

1. d4 f5 2. e4 fxe4 3. Nc3 Nf6 4. Bg5 Nc6 5. f3 exf3 6. Nxf3 e6 7. a3 Be7 8.
Bd3 O-O 9. O-O b6 10. Qe2 Bb7 11. Rae1 Rf7 12. Kh1 a5 13. Ne5 Rf8 14. Bxf6 gxf6
15. Bxh7+ Kxh7 16. Qh5+ Kg7 17. Re3 1-0

[Event "28th WSCC2018 - Open 65+"]
[Site "Bled"]
[Date "2018.11.22"]
[Round "5.40"]
[White "Haubt, Georg"]
[Black "Henrichsen, Erland"]
[Result "1-0"]
[WhiteElo "2136"]
[BlackElo "1962"]
[PlyCount "57"]
[EventDate "2018.11.18"]

1. d4 Nf6 2. Bf4 c5 3. c3 cxd4 4. cxd4 Nd5 5. Bg3 Qa5+ 6. Nd2 Nc6 7. Ngf3 d6 8.
a3 b5 9. e4 Nc7 10. Rc1 Bd7 11. d5 Nd8 12. b4 Qb6 13. Qb3 e5 14. dxe6 Ncxe6 15.
Bd3 Be7 16. O-O O-O 17. Bb1 Nc6 18. Qd3 Ncd4 19. e5 Nxf3+ 20. Nxf3 g6 21. exd6
Bf6 22. Ne5 Bxe5 23. Bxe5 f6 24. Bb2 Kg7 25. Rfd1 Rfe8 26. Qf3 Rf8 27. Ba2 Ng5
28. Qf4 Rad8 29. Qxg5 1-0

[Event "28th WSCC2018 - Open 65+"]
[Site "Bled"]
[Date "2018.11.22"]
[Round "5.41"]
[White "Praznik, Anton"]
[Black "Davydov, Mihail"]
[Result "1-0"]
[WhiteElo "2104"]
[BlackElo "1959"]
[PlyCount "63"]
[EventDate "2018.11.18"]

1. e4 d5 2. exd5 Qxd5 3. Nc3 Qa5 4. d4 Nf6 5. Nf3 Bf5 6. Ne5 c6 7. Bc4 e6 8. g4
Be4 9. O-O Bd5 10. Nxd5 cxd5 11. Bd3 Nc6 12. c3 Bd6 13. f4 Qc7 14. Qe2 O-O-O
15. Bd2 Kb8 16. b4 h5 17. g5 Ng4 18. Nxc6+ bxc6 19. h3 Nf6 20. gxf6 gxf6 21.
Qf3 Rdg8+ 22. Kh1 h4 23. Rg1 e5 24. fxe5 fxe5 25. dxe5 Bxe5 26. Rxg8+ Rxg8 27.
Rg1 Rxg1+ 28. Kxg1 f6 29. Kg2 a5 30. b5 Kb7 31. bxc6+ Kxc6 32. c4 1-0

[Event "28th WSCC2018 - Open 65+"]
[Site "Bled"]
[Date "2018.11.22"]
[Round "5.42"]
[White "Danielsson, Robert"]
[Black "Sorensen, Bent"]
[Result "1-0"]
[WhiteElo "1968"]
[BlackElo "2103"]
[PlyCount "85"]
[EventDate "2018.11.18"]

1. Nf3 d5 2. d4 e6 3. g3 c5 4. Bg2 cxd4 5. Nxd4 Nf6 6. O-O e5 7. Nb3 Nc6 8. Nc3
Be6 9. Bg5 d4 10. Na4 Bd5 11. c4 Bxc4 12. Nac5 Bxc5 13. Nxc5 Qb6 14. Nxb7 Qxb7
15. Bxf6 gxf6 16. Rc1 Qb5 17. Qc2 Bd5 18. Bxd5 Qxd5 19. Qxc6+ Qxc6 20. Rxc6 Rb8
21. Rfc1 Kd7 22. b3 Rhc8 23. Rxc8 Rxc8 24. Rxc8 Kxc8 25. g4 Kc7 26. Kf1 Kd6 27.
Ke1 Kc5 28. a3 Kd5 29. Kd2 f5 30. gxf5 Ke4 31. f6 Kf4 32. Kd3 Kg4 33. b4 Kh3
34. b5 Kxh2 35. a4 Kg1 36. a5 h5 37. b6 axb6 38. axb6 h4 39. b7 e4+ 40. Kxe4 h3
41. b8=Q h2 42. Qxh2+ Kxh2 43. Kxd4 1-0

[Event "28th WSCC2018 - Open 65+"]
[Site "Bled"]
[Date "2018.11.22"]
[Round "5.43"]
[White "Idesis, Yaacov"]
[Black "Siegmund, Rainer"]
[Result "0-1"]
[WhiteElo "1967"]
[BlackElo "2102"]
[Annotator "uporabnik"]
[PlyCount "68"]
[EventDate "2018.11.18"]

1. d4 Nf6 2. Bf4 d5 3. e3 e6 4. Nf3 c5 5. c3 Nc6 6. h3 Bd6 7. Bxd6 Qxd6 8. Bd3
O-O 9. O-O e5 10. dxe5 Nxe5 11. Nxe5 Qxe5 12. Nd2 b6 13. Nf3 Qe7 14. a4 Bb7 15.
Re1 Rfd8 16. a5 Qc7 17. axb6 axb6 18. Qe2 h6 19. Bc2 Bc6 20. Red1 Re8 21. Rxa8
Rxa8 22. Rc1 Qe7 23. Bb1 Ne4 24. Bxe4 Qxe4 25. Nd2 Qg6 26. Nf3 Qf6 27. Ne1 Qg6
28. Nf3 Re8 29. Rd1 Qe4 30. Qd3 Qa4 31. Rd2 Re4 32. Rd1 Qa8 33. Ne1 Re5 34. Nf3
Re6 {....} 0-1

[Event "28th WSCC2018 - Open 65+"]
[Site "Bled"]
[Date "2018.11.22"]
[Round "5.44"]
[White "Nickel, Arno"]
[Black "Ramusch, Arnulf"]
[Result "1/2-1/2"]
[WhiteElo "2100"]
[BlackElo "1954"]
[PlyCount "47"]
[EventDate "2018.11.18"]

1. c4 e6 2. e3 d5 3. Nf3 Nf6 4. d4 c6 5. Nc3 Bb4 6. Qb3 Qe7 7. a3 Bd6 8. Be2
O-O 9. O-O Nbd7 10. Qc2 dxc4 11. Bxc4 e5 12. Bd3 Re8 13. Ng5 h6 14. Nge4 Nxe4
15. Nxe4 Bc7 16. Bd2 exd4 17. exd4 Nf6 18. Rfe1 Nxe4 19. Bxe4 Be6 20. Rad1 Qd7
21. Bc3 Bd5 22. Bh7+ Kh8 23. Bf5 Qd6 24. g3 1/2-1/2

[Event "28th WSCC2018 - Open 65+"]
[Site "Bled"]
[Date "2018.11.22"]
[Round "5.45"]
[White "Holzmann, Herbert"]
[Black "Zhelesny, Stanislav"]
[Result "1/2-1/2"]
[WhiteElo "1955"]
[BlackElo "2079"]
[PlyCount "40"]
[EventDate "2018.11.18"]

1. Nf3 Nf6 2. c4 g6 3. g3 Bg7 4. Bg2 O-O 5. O-O d5 6. cxd5 Nxd5 7. Nc3 Nb6 8.
b3 c6 9. Bb2 N8d7 10. d3 Nf6 11. Qc2 Bg4 12. Rfd1 Bxf3 13. Bxf3 e5 14. Nb1 Re8
15. Nd2 Qe7 16. Bg2 Nfd7 17. Nc4 Nxc4 18. bxc4 Nf8 19. Rab1 Ne6 20. Bc3 Rab8
1/2-1/2

[Event "28th WSCC2018 - Open 65+"]
[Site "Bled"]
[Date "2018.11.22"]
[Round "5.46"]
[White "Rositsan, Boris"]
[Black "Bondar, Leonid"]
[Result "1-0"]
[WhiteElo "2077"]
[BlackElo "1931"]
[PlyCount "81"]
[EventDate "2018.11.18"]

1. d4 Nf6 2. Nf3 e6 3. Bg5 Be7 4. e3 h6 5. Bh4 c5 6. c3 cxd4 7. exd4 d5 8. Nbd2
Nc6 9. Bd3 Qb6 10. Qc2 Bd7 11. Ne5 Rc8 12. Bxf6 Nb4 13. Qb1 Nxd3+ 14. Nxd3 Bxf6
15. O-O O-O 16. Re1 Qc7 17. Nf3 Be7 18. Nde5 Be8 19. Qd3 b5 20. a3 a5 21. Rec1
Qb7 22. b4 Ra8 23. Qe3 Qc7 24. Nd3 Bd6 25. Nfe5 f6 26. Nf3 Bf7 27. g3 Rfe8 28.
Nh4 Ra7 29. f4 Rea8 30. Nc5 Re8 31. Qd3 Qc6 32. Re1 e5 33. fxe5 fxe5 34. Nf5 e4
35. Qe2 Bf8 36. Rf1 Rea8 37. Qe3 Qb6 38. bxa5 Qc6 39. a6 Bxc5 40. dxc5 Qxa6 41.
Nd4 1-0

[Event "28th WSCC2018 - Open 65+"]
[Site "Bled"]
[Date "2018.11.22"]
[Round "5.47"]
[White "Anguera Maestro, Jaime"]
[Black "Doubleday, William G"]
[Result "1-0"]
[WhiteElo "2072"]
[BlackElo "1929"]
[PlyCount "79"]
[EventDate "2018.11.18"]

1. d4 d5 2. Nf3 c5 3. c3 e6 4. Bf4 Nc6 5. e3 Bd6 6. Bg3 Nf6 7. Bd3 Bxg3 8. hxg3
Qb6 9. Qc2 h6 10. Nbd2 Bd7 11. O-O Rc8 12. a3 O-O 13. Rab1 cxd4 14. exd4 Rfd8
15. Qd1 Be8 16. Qe2 a6 17. Rfe1 Na7 18. Qe3 Qd6 19. Ne5 Nc6 20. g4 Nd7 21. g5
hxg5 22. Nxc6 Qxc6 23. Qxg5 f6 24. Qh4 Nf8 25. Re3 Qc7 26. Rh3 Bg6 27. Re1 Bxd3
28. Rxd3 Kf7 29. Qh5+ Ke7 30. Rde3 Kd6 31. c4 Qd7 32. cxd5 exd5 33. Qh2+ Kc6
34. Re7 Qd6 35. Rc1+ Kb5 36. Rxb7+ Ka4 37. Rxc8 Qxh2+ 38. Kxh2 Rxc8 39. Rb4+
Ka5 40. Nb3# 1-0

[Event "28th WSCC2018 - Open 65+"]
[Site "Bled"]
[Date "2018.11.22"]
[Round "5.48"]
[White "Dalling, Peter"]
[Black "Pfitzer, Norbert"]
[Result "0-1"]
[WhiteElo "1811"]
[BlackElo "2066"]
[PlyCount "149"]
[EventDate "2018.11.18"]

1. e4 e5 2. Nf3 d6 3. Nc3 Nf6 4. d4 exd4 5. Nxd4 Be7 6. Bc4 O-O 7. Bb3 a6 8. a4
Re8 9. O-O Nbd7 10. Re1 Nc5 11. Ba2 Bf8 12. f3 Bd7 13. Bg5 h6 14. Bh4 c6 15. a5
g5 16. Bf2 Be6 17. Bxe6 fxe6 18. b4 Ncd7 19. Na4 c5 20. bxc5 dxc5 21. Nb3 Qc7
22. e5 Nd5 23. c4 Nf4 24. Qc2 Rad8 25. Qe4 Bg7 26. Naxc5 Nxe5 27. Rad1 Qc6 28.
Qxc6 bxc6 29. Nxa6 Nxc4 30. Nac5 Bc3 31. Rf1 Nxa5 32. Nxa5 Bxa5 33. Ne4 Rxd1
34. Rxd1 Rd8 35. Ra1 Bb4 36. Bb6 Rb8 37. Bc7 Rb7 38. Be5 Kf7 39. Ra6 Nd3 40.
Bg3 Bf8 41. Kf1 c5 42. h4 gxh4 43. Bd6 c4 44. Rc6 Nb2 45. Be5 Nd3 46. Bd6 Rb1+
47. Ke2 Bxd6 48. Nxd6+ Ke7 49. Nxc4 Nf4+ 50. Kf2 Rc1 51. Ne5 Rb1 52. Rc2 h5 53.
Nc4 Kf6 54. Ne3 h3 55. gxh3 Nxh3+ 56. Kg3 Ng5 57. Rh2 Rb3 58. Re2 e5 59. f4
exf4+ 60. Kxf4 Rb4+ 61. Kg3 h4+ 62. Kh2 Kg6 63. Nd5 Rb3 64. Re3 Rb2+ 65. Kh1
Kf5 66. Ra3 Ke5 67. Ne7 Ke4 68. Ra4+ Kf3 69. Rxh4 Rb1+ 70. Kh2 Kf2 71. Rf4+
Nf3+ 72. Rxf3+ Kxf3 73. Nd5 Rb5 74. Nc3 Rh5+ 75. Kg1 0-1

[Event "28th WSCC2018 - Open 65+"]
[Site "Bled"]
[Date "2018.11.22"]
[Round "5.49"]
[White "Schramek, Kurt"]
[Black "Karnaukh, Anatolij"]
[Result "1/2-1/2"]
[WhiteElo "1569"]
[BlackElo "2053"]
[PlyCount "89"]
[EventDate "2018.11.18"]

1. d4 d5 2. Bf4 e6 3. e3 Bd6 4. Bg3 Nf6 5. Nd2 Nbd7 6. Ngf3 Bxg3 7. hxg3 Qe7 8.
c3 e5 9. dxe5 Nxe5 10. Nxe5 Qxe5 11. Nf3 Qe7 12. Qc2 c6 13. O-O-O Bg4 14. Re1
O-O-O 15. Bd3 Ne4 16. Bxe4 dxe4 17. Nd2 Bf5 18. Qa4 Kb8 19. Rh4 g5 20. Rhh1
Rhe8 21. Rd1 h5 22. Nb1 Bg6 23. Rxd8+ Rxd8 24. Rd1 Rd3 25. Nd2 c5 26. Qc4 b6
27. Qa4 Kb7 28. Qb3 a6 29. Nb1 b5 30. Rxd3 exd3 31. Nd2 Qe6 32. Qxe6 fxe6 33.
c4 Kc6 34. b3 Kd6 35. f3 g4 36. Nb1 d2+ 37. Nxd2 Bd3 38. Kd1 Kc6 39. f4 Kd6 40.
e4 e5 41. f5 b4 42. Ke1 a5 43. Kf2 Bc2 44. Ke3 a4 45. Ke2 1/2-1/2

[Event "28th WSCC2018 - Open 65+"]
[Site "Bled"]
[Date "2018.11.22"]
[Round "5.50"]
[White "Hohler, Peter"]
[Black "Green, Per"]
[Result "1/2-1/2"]
[WhiteElo "2048"]
[BlackElo "1919"]
[PlyCount "96"]
[EventDate "2018.11.18"]

1. d4 Nf6 2. c4 e6 3. Nf3 d5 4. Nc3 c5 5. cxd5 Nxd5 6. e3 Nc6 7. Bd3 Be7 8. O-O
O-O 9. Nxd5 exd5 10. dxc5 h6 11. a3 Bxc5 12. b4 Bb6 13. Bb2 Bg4 14. Be2 Re8 15.
Re1 a6 16. Nd4 Bxe2 17. Rxe2 Ne5 18. Nb3 Nc4 19. Bd4 Bc7 20. Nd2 Ne5 21. Nf1
Qd7 22. Rc1 Rad8 23. Rec2 Nc4 24. Rc3 Qf5 25. Rd3 b5 26. Rdc3 Re6 27. Qf3 Qxf3
28. gxf3 Be5 29. Bxe5 Rxe5 30. f4 Re7 31. Rd1 Red7 32. Rd4 f5 33. Nd2 Kf7 34.
Nb3 Rd6 35. Nc5 Rc8 36. Rcd3 Nb6 37. f3 Ke7 38. Kf2 Kf6 39. h4 g6 40. Kg3 Rdc6
41. e4 dxe4 42. fxe4 fxe4 43. Rxe4 Kf7 44. Rde3 Nd5 45. Re1 R6c7 46. Rd4 Nf6
47. Kf3 Re7 48. Red1 h5 1/2-1/2

[Event "28th WSCC2018 - Open 65+"]
[Site "Bled"]
[Date "2018.11.22"]
[Round "5.51"]
[White "Korenevski, Oleg"]
[Black "Goncharov, Viktor"]
[Result "1/2-1/2"]
[WhiteElo "1797"]
[BlackElo "2048"]
[PlyCount "45"]
[EventDate "2018.11.18"]

1. d4 Nf6 2. Nf3 b6 3. g3 Bb7 4. Bg2 c5 5. O-O cxd4 6. Nxd4 Bxg2 7. Kxg2 g6 8.
b3 Bg7 9. Bb2 h5 10. h4 Qc8 11. Nf3 O-O 12. c4 Qb7 13. Nbd2 Na6 14. Rc1 Rac8
15. Qc2 b5 16. Qb1 bxc4 17. Nxc4 Nc5 18. Kg1 d6 19. Ng5 Nfe4 20. Nxe4 Qxe4 21.
Qxe4 Nxe4 22. Bxg7 Kxg7 23. Rfd1 1/2-1/2

[Event "28th WSCC2018 - Open 65+"]
[Site "Bled"]
[Date "2018.11.22"]
[Round "5.52"]
[White "Hjertenes, Oystein"]
[Black "Mckerracher, Douglas"]
[Result "1/2-1/2"]
[WhiteElo "2037"]
[BlackElo "1878"]
[PlyCount "42"]
[EventDate "2018.11.18"]

1. Nf3 f5 2. c4 Nf6 3. g3 e6 4. Bg2 d5 5. cxd5 exd5 6. O-O c6 7. b3 Bd6 8. e3
O-O 9. d3 a5 10. Bb2 Na6 11. Nc3 Bc7 12. Rc1 Qe7 13. Ne2 Bd7 14. Nd2 Rad8 15.
Nf3 Bc8 16. Ned4 Bd6 17. Re1 Ng4 18. Qe2 Rde8 19. Kf1 Qf7 20. Qd2 Qh5 21. Kg1
Nf6 1/2-1/2

[Event "28th WSCC2018 - Open 65+"]
[Site "Bled"]
[Date "2018.11.22"]
[Round "5.53"]
[White "Kratschmer, Heinz"]
[Black "Cicek, Cemil"]
[Result "1/2-1/2"]
[WhiteElo "2035"]
[BlackElo "1775"]
[PlyCount "95"]
[EventDate "2018.11.18"]

1. d4 d5 2. c4 e6 3. Nf3 Nf6 4. Nc3 b6 5. Bg5 Be7 6. e3 O-O 7. Qc2 Bb7 8. cxd5
Nxd5 9. Nxd5 Bxd5 10. Bxe7 Qxe7 11. Bd3 h6 12. e4 Bb7 13. O-O Na6 14. a3 c5 15.
Qe2 Nc7 16. dxc5 Qxc5 17. Rac1 Qe7 18. Ne5 Rfc8 19. f4 Ne8 20. Kh1 Nf6 21. Nc4
Rc7 22. Rfd1 Rd8 23. e5 Ne8 24. Nd2 Rcd7 25. Ne4 g6 26. Bc2 Kg7 27. Rxd7 Rxd7
28. Rd1 Bxe4 29. Bxe4 Rxd1+ 30. Qxd1 Qc5 31. Qd2 Qc4 32. Bd3 Qd4 33. g3 Nc7 34.
Qe2 Nd5 35. Kg2 h5 36. Kf3 h4 37. Be4 hxg3 38. hxg3 Ne7 39. g4 g5 40. Qh2 Qd1+
41. Qe2 Qb3+ 42. Bd3 gxf4 43. Kxf4 Qa4+ 44. Kg3 Nd5 45. Qd2 Qd4 46. Qg5+ Kf8
47. Qd8+ Kg7 48. Qg5+ 1/2-1/2

[Event "28th WSCC2018 - Open 65+"]
[Site "Bled"]
[Date "2018.11.22"]
[Round "5.54"]
[White "Harding, Tim D"]
[Black "Lotsov Har-Zahav, Avraham"]
[Result "1-0"]
[WhiteElo "2027"]
[BlackElo "1700"]
[PlyCount "75"]
[EventDate "2018.11.18"]

1. Nf3 d5 2. c4 c6 3. d4 e6 4. e3 f5 5. Bd3 Nf6 6. O-O Bd6 7. b3 Qe7 8. Qc2 O-O
9. a4 Ne4 10. Ba3 Bxa3 11. Nxa3 Na6 12. Ne5 Nb4 13. Qc1 Nxd3 14. Nxd3 Rf6 15.
f3 Nd6 16. Ra2 Bd7 17. Nb1 Raf8 18. Qa3 Rh6 19. Nc3 Be8 20. Re2 g5 21. Ne5 Qc7
22. g3 f4 23. gxf4 gxf4 24. Rg2+ Bg6 25. e4 dxe4 26. fxe4 Qd8 27. Nxg6 Rxg6 28.
Rxg6+ hxg6 29. Qc5 f3 30. Rf2 Rf5 31. Qa3 Nxe4 32. Nxe4 Qxd4 33. Ng3 Re5 34.
Qc1 Re2 35. Nxe2 fxe2 36. Qe1 Qg4+ 37. Kh1 Qe4+ 38. Rg2 1-0

[Event "28th WSCC2018 - Open 65+"]
[Site "Bled"]
[Date "2018.11.22"]
[Round "5.55"]
[White "Pitzl, Konstantinos"]
[Black "Cokan, Mirko"]
[Result "1/2-1/2"]
[WhiteElo "2020"]
[BlackElo "1677"]
[PlyCount "82"]
[EventDate "2018.11.18"]

1. Nf3 Nc6 2. g3 d5 3. Bg2 e5 4. d3 h6 5. O-O Bd6 6. Nbd2 Be6 7. e4 dxe4 8.
dxe4 Qd7 9. c3 Nf6 10. Qc2 Bh3 11. Nc4 Bxg2 12. Kxg2 O-O 13. Ne3 Qe6 14. Nf5
Kh7 15. Be3 Rad8 16. b3 b6 17. h3 Ne7 18. N3h4 Neg8 19. Nf3 Rfe8 20. Rad1 Bf8
21. g4 Qc6 22. Ng3 Rxd1 23. Rxd1 g6 24. c4 a5 25. g5 Nh5 26. Nxh5 gxh5 27. Rd5
f6 28. gxh6 Ne7 29. Nh4 Bxh6 30. Bxh6 Rg8+ 31. Kf1 Kxh6 32. Qd2+ Kh7 33. Rd7
Rg7 34. Qd3 Qe6 35. Rd8 Nc6 36. Ra8 Rd7 37. Qf3 Qf7 38. Qf5+ Kg7 39. Qf3 Nd4
40. Nf5+ Nxf5 41. Qxf5 Rd4 1/2-1/2

[Event "28th WSCC2018 - Open 65+"]
[Site "Bled"]
[Date "2018.11.22"]
[Round "5.56"]
[White "Acosta, Mariano"]
[Black "Kolbak, Jens"]
[Result "0-1"]
[WhiteElo "1721"]
[BlackElo "2173"]
[PlyCount "76"]
[EventDate "2018.11.18"]

1. Nf3 Nf6 2. c4 c6 3. g3 d5 4. b3 e6 5. Bg2 Bd6 6. O-O O-O 7. Ba3 Re8 8. Bxd6
Qxd6 9. cxd5 exd5 10. Nc3 Nbd7 11. d4 Ne4 12. Rc1 Qa3 13. Nxe4 dxe4 14. Ng5 Nf6
15. Qc2 Qe7 16. e3 h6 17. Nh3 Nd5 18. Nf4 Nxf4 19. exf4 f5 20. f3 exf3 21. Bxf3
Qe3+ 22. Qf2 Qxf2+ 23. Kxf2 Be6 24. Rfe1 Rad8 25. Re5 Rxd4 26. Rce1 Rd2+ 27.
Kg1 Rd6 28. Rxf5 Bxf5 29. Rxe8+ Kf7 30. Re2 Kf6 31. Kf2 a5 32. g4 Be6 33. h4 g6
34. Rc2 Rd4 35. g5+ hxg5 36. hxg5+ Kg7 37. Ke3 Rb4 38. Be4 Rxe4+ 0-1